[Event "DEM U14 2004"]
[Site "Willingen GER"]
[Date "2004.06.02"]
[Round "6"]
[White "Bogner, Sebastian"]
[Black "Poetsch, Hagen"]
[Result "1-0"]
[Termination "normal"]
[Board "9"]
[WhiteElo "2093"]
[BlackElo "1783"]
[PlyCount "95"]
[WhiteFideId "4692055"]
[BlackFideId "24615137"]
[EventCountry "GER"]
[EventRounds "9"]
[EventType "swiss"]
[EventDate "2004.05.29"]

1. e4 e6 2. d4 d5 3. Nd2 Nf6 4. e5 Nfd7 5. f4 c5 6. c3 Nc6 7. Ndf3 cxd4 8. cxd4
f6 9. g3 Bb4+ 10. Kf2 fxe5 11. fxe5 O-O 12. Kg2 Qb6 13. Bd3 Be7 14. Ne2 Qc7 15.
Bf4 Nb6 16. Rc1 Bd7 17. h4 Rac8 18. Bb1 Nc4 19. Qd3 g6 20. h5 Be8 21. Bh6 Rf5
22. g4 Bf8 23. gxf5 Bxh6 24. Rxc4 dxc4 25. Qxc4 Bf8 26. hxg6 hxg6 27. fxe6 Be7
28. d5 b5 29. Qf4 g5 30. Qh2 Bf6 31. exf6 Qxh2+ 32. Rxh2 g4 33. Ng5 Ne5 34.
Bh7+ Kh8 35. Bf5+ Kg8 36. f7+ Nxf7 37. exf7+ Bxf7 38. Nxf7 Rc5 39. Be6 Rc2 40.
Kg3 Rxb2 41. Kxg4 Rxa2 42. d6 Kf8 43. Bxa2 b4 44. d7 Ke7 45. d8=B+ Kf8 46. Bf6
Ke8 47. Be6 b3 48. Rh8# 1-0

[Event "DEM U14 2004"]
[Site "Willingen GER"]
[Date "2004.06.02"]
[Round "6"]
[White "Grünwald, Eduard"]
[Black "Lange, Jan-David"]
[Result "1-0"]
[Termination "normal"]
[Board "10"]
[WhiteElo "1989"]
[BlackElo "1794"]
[PlyCount "87"]
[WhiteFideId "4696280"]
[BlackFideId "24614963"]
[EventCountry "GER"]
[EventRounds "9"]
[EventType "swiss"]
[EventDate "2004.05.29"]

1. e4 e6 2. d4 d5 3. Nc3 Bb4 4. exd5 exd5 5. Bd3 Ne7 6. Qf3 Be6 7. Nge2 c6 8.
O-O O-O 9. Nf4 Qd7 10. h3 Bf5 11. Re1 Bxd3 12. Qxd3 Na6 13. Nh5 Qf5 14. Nf4
Qxd3 15. Nxd3 Nf5 16. Be3 c5 17. a3 Ba5 18. Nxc5 Nxc5 19. b4 Bxb4 20. axb4 Ne6
21. Nxd5 Nexd4 22. Bxd4 Nxd4 23. Rac1 Rfe8 24. Nc7 Rxe1+ 25. Rxe1 Rc8 26. c3
Kf8 27. Nd5 Nb5 28. Kf1 Rc6 29. Re3 Nc7 30. Nxc7 Rxc7 31. Ke2 Re7 32. c4 Rxe3+
33. Kxe3 Ke7 34. Ke4 Ke6 35. f4 b6 36. b5 h6 37. f5+ Kd6 38. Kd4 g5 39. g4 f6
40. Ke4 Kc5 41. Kd3 Kd6 42. Kd4 Ke7 43. c5 Kd7 44. cxb6 1-0

[Event "DEM U14 2004"]
[Site "Willingen GER"]
[Date "2004.06.02"]
[Round "6"]
[White "Bastian, Ruben"]
[Black "Müller, Jan-Hendrik"]
[Result "0-1"]
[Termination "normal"]
[Board "11"]
[WhiteElo "1421"]
[BlackElo "1831"]
[PlyCount "100"]
[BlackFideId "24615048"]
[EventCountry "GER"]
[EventRounds "9"]
[EventType "swiss"]
[EventDate "2004.05.29"]

1. e4 e5 2. Nf3 Nc6 3. Bc4 Bc5 4. c3 Nf6 5. d3 d6 6. O-O O-O 7. b4 Bb6 8. a4 a6
9. Ba2 h6 10. b5 Ne7 11. Nbd2 axb5 12. axb5 Be6 13. Nc4 Bxc4 14. dxc4 Nxe4 15.
Qc2 Nf6 16. h3 Ng6 17. Bd2 Nh5 18. c5 Rxa2 19. Rxa2 Bxc5 20. Rfa1 Qf6 21. Be3
Bxe3 22. fxe3 c6 23. bxc6 bxc6 24. Qf2 Qe6 25. Ra8 Nf6 26. Rxf8+ Kxf8 27. Nh4
Nxh4 28. Qxh4 Qb3 29. Qb4 Qxb4 30. cxb4 Nd5 31. Rd1 Nxb4 32. Rxd6 Ke7 33. Rd2
Nd5 34. Kf2 h5 35. g3 g6 36. Kf3 Ke6 37. Rd1 c5 38. Rd2 f6 39. Rd1 e4+ 40. Kf2
Nb4 41. Rb1 Kf5 42. Ke2 Ke5 43. Rc1 Nd3 44. Rc3 Kd5 45. Rc2 c4 46. Rc3 Kc5 47.
Ra3 Kb4 48. Ra6 c3 49. Rxf6 c2 50. Rc6 c1=Q 0-1

[Event "DEM U14 2004"]
[Site "Willingen GER"]
[Date "2004.06.02"]
[Round "6"]
[White "Wall, Henrik"]
[Black "Szczap, Arthur"]
[Result "1/2-1/2"]
[Termination "normal"]
[Board "12"]
[WhiteElo "1712"]
[BlackElo "1497"]
[PlyCount "56"]
[WhiteFideId "24614033"]
[BlackFideId "24637394"]
[EventCountry "GER"]
[EventRounds "9"]
[EventType "swiss"]
[EventDate "2004.05.29"]

1. e4 c5 2. Nf3 Nc6 3. Bb5 e6 4. Bxc6 bxc6 5. O-O Ne7 6. d3 Ng6 7. Nc3 e5 8.
Re1 d6 9. Bg5 Be7 10. Bxe7 Qxe7 11. Qe2 Bg4 12. h3 Bxf3 13. Qxf3 O-O 14. Rad1
Qe6 15. b3 Ne7 16. Rd2 f5 17. exf5 Rxf5 18. Qe2 Raf8 19. Ne4 Nd5 20. Qg4 Qh6
21. Rde2 Nf4 22. Re3 d5 23. Ng3 Rg5 24. Qd7 Qf6 25. Rf3 Rf7 26. Qc8+ Rf8 27.
Qd7 Rd8 28. Qc7 Rf8 1/2-1/2

[Event "DEM U14 2004"]
[Site "Willingen GER"]
[Date "2004.06.02"]
[Round "6"]
[White "Kölsch, Maximilian"]
[Black "Kalisch, Michael"]
[Result "1-0"]
[Termination "normal"]
[Board "13"]
[WhiteElo "1867"]
[BlackElo "1576"]
[PlyCount "61"]
[WhiteFideId "24618462"]
[EventCountry "GER"]
[EventRounds "9"]
[EventType "swiss"]
[EventDate "2004.05.29"]

1. d4 d5 2. c4 e6 3. Nc3 Nf6 4. Nf3 Be7 5. e3 Nbd7 6. Qc2 O-O 7. b3 a6 8. Bb2
dxc4 9. bxc4 b6 10. Bd3 Bb7 11. e4 h6 12. O-O c6 13. Rad1 Rc8 14. Qb1 Qc7 15.
e5 Ne8 16. Rfe1 Rd8 17. a3 Nb8 18. Be4 Qc8 19. Re2 Nc7 20. Red2 Rd7 21. Na4 Na8
22. d5 b5 23. Nc3 cxd5 24. cxd5 exd5 25. Bf5 Nb6 26. e6 fxe6 27. Bxe6+ Kh8 28.
Ne5 Rf6 29. Ng6+ Rxg6 30. Qxg6 b4 31. Nxd5 1-0

[Event "DEM U14 2004"]
[Site "Willingen GER"]
[Date "2004.06.02"]
[Round "6"]
[White "Laqua, Stefan"]
[Black "Trapp, Maximilian"]
[Result "0-1"]
[Termination "normal"]
[Board "14"]
[WhiteElo "1241"]
[BlackElo "1820"]
[PlyCount "56"]
[WhiteFideId "4674634"]
[EventCountry "GER"]
[EventRounds "9"]
[EventType "swiss"]
[EventDate "2004.05.29"]

1. e4 e5 2. Nf3 Nc6 3. d4 exd4 4. Nxd4 Bc5 5. Be3 Qf6 6. c3 Nge7 7. Nc2 Bxe3 8.
Nxe3 O-O 9. Nd2 d6 10. Bc4 Ne5 11. O-O N7g6 12. Nd5 Qd8 13. Bb3 Bd7 14. f4 Ng4
15. h3 Nf6 16. Ne3 Bc6 17. Bd5 Bxd5 18. Nxd5 Nxd5 19. exd5 Qh4 20. Qf3 Rae8 21.
Qf2 Qh5 22. Qxa7 Qxd5 23. Qf2 Qb5 24. c4 Qxb2 25. Rfb1 Qf6 26. g3 Qc3 27. Rc1
Qd3 28. Nb3 Re3 0-1

[Event "DEM U14 2004"]
[Site "Willingen GER"]
[Date "2004.06.03"]
[Round "7"]
[White "Tereick, Benjamin"]
[Black "Geske, Julian"]
[Result "1-0"]
[Termination "normal"]
[Board "1"]
[WhiteElo "2090"]
[BlackElo "1940"]
[PlyCount "61"]
[WhiteFideId "24607541"]
[BlackFideId "24605263"]
[EventCountry "GER"]
[EventRounds "9"]
[EventType "swiss"]
[EventDate "2004.05.29"]

1. Nf3 Nf6 2. g3 g6 3. b3 Bg7 4. Bb2 d6 5. d4 O-O 6. Bg2 e5 7. dxe5 Ng4 8. h3
Nxe5 9. Nxe5 dxe5 10. Qxd8 Rxd8 11. Nd2 c6 12. Nc4 Nd7 13. O-O-O Bf6 14. h4 Nb6
15. Rxd8+ Bxd8 16. Nxe5 Be6 17. Nd3 Be7 18. h5 Rd8 19. hxg6 fxg6 20. e4 Nd7 21.
f4 Nf6 22. Ne5 Ng4 23. Bh3 Nxe5 24. Bxe6+ Nf7 25. Bxf7+ Kxf7 26. Rxh7+ Ke6 27.
Rg7 Bc5 28. Rxg6+ Kf7 29. Rg7+ Kf8 30. a4 Ba3 31. Rh7 1-0

[Event "DEM U14 2004"]
[Site "Willingen GER"]
[Date "2004.06.03"]
[Round "7"]
[White "Müller, Reinhold"]
[Black "Lubbe, Nikolas"]
[Result "0-1"]
[Termination "normal"]
[Board "2"]
[WhiteElo "2035"]
[BlackElo "2109"]
[PlyCount "66"]
[WhiteFideId "24605875"]
[BlackFideId "4694031"]
[EventCountry "GER"]
[EventRounds "9"]
[EventType "swiss"]
[EventDate "2004.05.29"]

1. d4 Nf6 2. c4 c5 3. d5 e6 4. Nc3 exd5 5. cxd5 d6 6. e4 g6 7. f4 Bg7 8. Nf3
O-O 9. Be2 Bg4 10. O-O Nbd7 11. Nd2 Bxe2 12. Qxe2 Re8 13. Qf3 a6 14. a4 Qc7 15.
Re1 Rab8 16. a5 b5 17. axb6 Rxb6 18. Nc4 Rb4 19. Qd3 Ng4 20. Rxa6 Bd4+ 21. Kf1
Nxh2+ 22. Ke2 Nb6 23. Rxb6 Rxb6 24. Nxb6 Qxb6 25. Qh3 Qa6+ 26. Kd1 Ng4 27. Qxg4
Qd3+ 28. Bd2 Bxc3 29. Re2 Ra8 30. Ke1 Ra1+ 31. Kf2 Bxd2 32. Qf3 Qxf3+ 33. Kxf3
Rf1+ 0-1

[Event "DEM U14 2004"]
[Site "Willingen GER"]
[Date "2004.06.03"]
[Round "7"]
[White "Baldauf, Marco"]
[Black "Beck, Frederik"]
[Result "1/2-1/2"]
[Termination "normal"]
[Board "3"]
[WhiteElo "2185"]
[BlackElo "2095"]
[PlyCount "75"]
[WhiteFideId "4688210"]
[BlackFideId "4687388"]
[EventCountry "GER"]
[EventRounds "9"]
[EventType "swiss"]
[EventDate "2004.05.29"]

1. e4 c5 2. Nf3 e6 3. d4 cxd4 4. Nxd4 Nc6 5. Nb5 d6 6. c4 Nf6 7. N1c3 a6 8. Na3
Be7 9. Be2 O-O 10. Be3 Bd7 11. O-O b6 12. Qd2 Qb8 13. f3 Ra7 14. Rfc1 Rc8 15.
Bf1 Be8 16. Nc2 Rb7 17. Nd4 Nxd4 18. Bxd4 b5 19. b3 b4 20. Nd1 Nd7 21. Nf2 a5
22. Qb2 Bf8 23. g3 a4 24. Nd3 Nc5 25. Rd1 Bc6 26. Bg2 a3 27. Qf2 Nd7 28. Rac1
Nc5 29. Rc2 Nxd3 30. Rxd3 Be7 31. Qe1 Rd8 32. Qa1 Bf8 33. Rcd2 Rbd7 34. Qd1 Qb7
35. Bh3 Be7 36. Qa1 Bf8 37. Qd1 Be7 38. Qa1 1/2-1/2

[Event "DEM U14 2004"]
[Site "Willingen GER"]
[Date "2004.06.03"]
[Round "7"]
[White "Seyb, Alexander"]
[Black "Savchenko, Aleksij"]
[Result "1/2-1/2"]
[Termination "normal"]
[Board "4"]
[WhiteElo "1973"]
[BlackElo "1844"]
[PlyCount "65"]
[WhiteFideId "4699033"]
[BlackFideId "24611727"]
[EventCountry "GER"]
[EventRounds "9"]
[EventType "swiss"]
[EventDate "2004.05.29"]

1. e4 c5 2. Nf3 e6 3. d4 cxd4 4. Nxd4 a6 5. Bd3 Qc7 6. Qe2 d6 7. O-O Nf6 8. c4
Nbd7 9. b3 b6 10. Bb2 Bb7 11. Nc3 Be7 12. Kh1 h6 13. Rae1 g5 14. Nf3 g4 15. Nh4
Ne5 16. f4 Nxd3 17. Qxd3 Nh5 18. Nd5 Bxd5 19. exd5 O-O-O 20. Bxh8 Bxh4 21. g3
Rxh8 22. gxh4 Ng7 23. c5 dxc5 24. Qxa6+ Kb8 25. Qc4 Qb7 26. Qe4 Qxd5 27. Qxd5
exd5 28. Re7 Rf8 29. f5 Kc8 30. Kg2 Ne8 31. Rfe1 Nf6 32. Kg3 d4 33. R7e5
1/2-1/2

[Event "DEM U14 2004"]
[Site "Willingen GER"]
[Date "2004.06.03"]
[Round "7"]
[White "Schneider, David"]
[Black "Zehnter, Sebastian"]
[Result "1/2-1/2"]
[Termination "normal"]
[Board "5"]
[WhiteElo "2080"]
[BlackElo "1987"]
[PlyCount "134"]
[WhiteFideId "4697111"]
[BlackFideId "24608670"]
[EventCountry "GER"]
[EventRounds "9"]
[EventType "swiss"]
[EventDate "2004.05.29"]

1. e4 d5 2. exd5 Nf6 3. d4 Bg4 4. f3 Bf5 5. Bb5+ Nbd7 6. Ne2 a6 7. Bd3 b5 8. g4
Bg6 9. Nf4 e5 10. dxe6 Nb6 11. Qe2 Qe7 12. g5 Ng8 13. Nc3 O-O-O 14. exf7 Qxe2+
15. Ncxe2 Ne7 16. c3 Ned5 17. Nxg6 hxg6 18. Nf4 Nxf4 19. Bxf4 Bd6 20. Bxd6 cxd6
21. O-O-O d5 22. Bc2 Rd6 23. Rde1 Kd8 24. h4 Nc8 25. Re2 Rf8 26. h5 Rxf7 27.
Bxg6 Rxf3 28. h6 gxh6 29. gxh6 Ne7 30. Bh5 Rff6 31. Rhe1 Rxh6 32. Bf7 Nc6 33.
Re8+ Kc7 34. Rg1 Rh7 35. Bg8 Rh5 36. b4 Rf5 37. Rg7+ Kb6 38. Be6 Rf1+ 39. Kc2
Rf2+ 40. Kd3 Rxa2 41. Bc8 Nd8 42. Re5 a5 43. bxa5+ Rxa5 44. Rd7 Kc6 45. Rxd6+
Kxd6 46. Re8 Nc6 47. Bb7 Ra3 48. Bxc6 Kxc6 49. Rc8+ Kd6 50. Rb8 Kc6 51. Kc2 Ra4
52. Kb3 Rc4 53. Rd8 Ra4 54. Rc8+ Kd6 55. Rc5 Ra8 56. Rxb5 Rc8 57. Rb6+ Kd7 58.
Rb4 Kd6 59. Rb7 Rc4 60. Rh7 Rc8 61. Rh6+ Ke7 62. Kc2 Rc4 63. Kd3 Rc8 64. Rh5
Kd6 65. Re5 Rc4 66. Re8 Rc7 67. Rd8+ Ke6 1/2-1/2

[Event "DEM U14 2004"]
[Site "Willingen GER"]
[Date "2004.06.03"]
[Round "7"]
[White "Grünwald, Eduard"]
[Black "Bogner, Sebastian"]
[Result "0-1"]
[Termination "normal"]
[Board "7"]
[WhiteElo "1989"]
[BlackElo "2093"]
[PlyCount "118"]
[WhiteFideId "4696280"]
[BlackFideId "4692055"]
[EventCountry "GER"]
[EventRounds "9"]
[EventType "swiss"]
[EventDate "2004.05.29"]

1. e4 c5 2. Nf3 d6 3. d4 cxd4 4. Nxd4 Nf6 5. Nc3 a6 6. Bc4 e6 7. Bb3 Nbd7 8.
O-O Nc5 9. Re1 Be7 10. Bg5 O-O 11. f4 h6 12. Bh4 Nxb3 13. Nxb3 b5 14. e5 Ne8
15. Bxe7 Qxe7 16. Ne4 dxe5 17. fxe5 Bb7 18. Nbc5 Bxe4 19. Nxe4 Rd8 20. Qf3 Rd5
21. Qg3 Qc7 22. Nc3 Rd2 23. Rac1 b4 24. Ne4 Rd5 25. Nf2 Kh8 26. c3 Qc5 27. Kh1
bxc3 28. Rxc3 Qa5 29. a3 Nc7 30. b4 Qb6 31. Rec1 Nb5 32. Rc5 Rfd8 33. h3 Nd4
34. Qe3 Nf5 35. Qc3 Rd2 36. Rc2 R2d7 37. Ne4 Qb7 38. Nd6 Nxd6 39. exd6 Qe4 40.
Rc7 Rxd6 41. Rxf7 e5 42. Qc7 Rd1+ 43. Kh2 Qe1 44. Rcf2 Qg1+ 45. Kg3 R1d3+ 46.
R7f3 e4 47. Rf1 Qd4 48. Rxd3 exd3 49. Qf4 Qc3 50. Rf3 Qe1+ 51. Kh2 d2 52. Rd3
d1=Q 53. Rxd1 Qxd1 54. Qf7 Qd6+ 55. Kg1 Rf8 56. Qc4 Qf6 57. a4 Qa1+ 58. Kh2
Qxa4 59. Qc5 Rb8 0-1

[Event "DEM U14 2004"]
[Site "Willingen GER"]
[Date "2004.06.03"]
[Round "7"]
[White "Müller, Jan-Hendrik"]
[Black "Paul, Johannes"]
[Result "1/2-1/2"]
[Termination "normal"]
[Board "8"]
[WhiteElo "1831"]
[BlackElo "1713"]
[PlyCount "87"]
[WhiteFideId "24615048"]
[BlackFideId "24622087"]
[EventCountry "GER"]
[EventRounds "9"]
[EventType "swiss"]
[EventDate "2004.05.29"]

1. e4 c5 2. Nf3 Nc6 3. d4 cxd4 4. Nxd4 g6 5. Nc3 Bg7 6. Be3 Nf6 7. Bc4 O-O 8.
h3 d6 9. O-O Bd7 10. Bb3 Na5 11. f4 Bc6 12. Nxc6 Nxc6 13. a3 a6 14. Qe2 b5 15.
Rad1 Qc7 16. Qf3 Rac8 17. Ne2 Na5 18. Nd4 Nc4 19. Bxc4 bxc4 20. Bc1 Nd7 21. c3
Rb8 22. Kh1 Nc5 23. Qe2 Nd3 24. b4 a5 25. Be3 Qb7 26. Bg1 Ra8 27. Rxd3 cxd3 28.
Qxd3 axb4 29. cxb4 Qa6 30. Qxa6 Rxa6 31. Rf3 Rfa8 32. Nb5 Ra4 33. Rb3 Rb8 34.
Nd4 Bxd4 35. Bxd4 Kf8 36. Kg1 Ke8 37. Kf2 Kd7 38. Ke3 Kc6 39. Kd3 Kb5 40. Kc3
Rba8 41. Kb2 Rc8 42. Re3 Rc4 43. Bc3 Ra8 44. Kb3 1/2-1/2

[Event "DEM U14 2004"]
[Site "Willingen GER"]
[Date "2004.06.03"]
[Round "7"]
[White "Rudolf, Sebastian"]
[Black "Wall, Henrik"]
[Result "1-0"]
[Termination "normal"]
[Board "9"]
[WhiteElo "1926"]
[BlackElo "1712"]
[PlyCount "113"]
[WhiteFideId "24609390"]
[BlackFideId "24614033"]
[EventCountry "GER"]
[EventRounds "9"]
[EventType "swiss"]
[EventDate "2004.05.29"]

1. e4 e5 2. Nf3 Nc6 3. d4 exd4 4. Nxd4 Bc5 5. Nxc6 Qf6 6. Qd2 dxc6 7. Nc3 Be6
8. Na4 Bb6 9. Nxb6 axb6 10. a3 Ne7 11. Bd3 O-O 12. Qf4 Qxf4 13. Bxf4 Rac8 14.
O-O Ng6 15. Bg3 f5 16. exf5 Bxf5 17. Bxf5 Rxf5 18. Rad1 Rd5 19. c4 Rxd1 20.
Rxd1 Nf8 21. f3 Kf7 22. Kf2 Ne6 23. Be5 Ke7 24. f4 g6 25. g4 b5 26. cxb5 cxb5
27. Ke3 Rd8 28. Rxd8 Kxd8 29. f5 gxf5 30. gxf5 Nf8 31. Kf4 c6 32. Kg5 Ke7 33.
Kh6 Nd7 34. Bc3 Nf6 35. Kg7 Ne8+ 36. Kxh7 Kf7 37. Kh6 Nd6 38. Kg5 Kg8 39. Kg6
Ne4 40. f6 Nd6 41. Bd2 Nf7 42. Bf4 Nh8+ 43. Kf5 Kf7 44. h4 Ng6 45. h5 Nf8 46.
h6 Nh7 47. Be5 c5 48. Bc3 b6 49. Be5 Nf8 50. Bd6 Nh7 51. Be7 c4 52. Bd8 Nf8 53.
Bxb6 Nh7 54. Bd4 Nf8 55. Bc5 Ng6 56. h7 Nh8 57. Be3 1-0

[Event "DEM U14 2004"]
[Site "Willingen GER"]
[Date "2004.06.03"]
[Round "7"]
[White "Völbel, Patrick"]
[Black "Wapenhans, Alexander"]
[Result "0-1"]
[Termination "normal"]
[Board "10"]
[WhiteElo "1867"]
[BlackElo "1655"]
[PlyCount "62"]
[WhiteFideId "24622583"]
[BlackFideId "24622630"]
[EventCountry "GER"]
[EventRounds "9"]
[EventType "swiss"]
[EventDate "2004.05.29"]

1. d4 Nf6 2. Nf3 g6 3. c4 Bg7 4. Nc3 O-O 5. e4 d6 6. Be2 e5 7. dxe5 dxe5 8. Bg5
Qxd1+ 9. Rxd1 c6 10. O-O Be6 11. Be3 Na6 12. h3 h6 13. Nd2 Nd7 14. a3 f5 15. f3
Nf6 16. c5 Nc7 17. Nc4 Nh5 18. Nd6 Rab8 19. Kh2 Nf4 20. Bc4 b6 21. g3 Nh5 22.
b4 f4 23. Bf2 fxg3+ 24. Bxg3 Nxg3 25. Kxg3 h5 26. cxb6 axb6 27. Ne2 b5 28.
Bxe6+ Nxe6 29. Rc1 Rb6 30. Rfd1 Rd8 31. Kf2 Bf8 0-1

[Event "DEM U14 2004"]
[Site "Willingen GER"]
[Date "2004.06.03"]
[Round "7"]
[White "Poetsch, Hagen"]
[Black "Kölsch, Maximilian"]
[Result "1-0"]
[Termination "normal"]
[Board "11"]
[WhiteElo "1783"]
[BlackElo "1867"]
[PlyCount "43"]
[WhiteFideId "24615137"]
[BlackFideId "24618462"]
[EventCountry "GER"]
[EventRounds "9"]
[EventType "swiss"]
[EventDate "2004.05.29"]

1. e4 c5 2. Nf3 e6 3. c3 Nf6 4. e5 Nd5 5. d4 Nc6 6. c4 Nb6 7. d5 exd5 8. cxd5
Nb4 9. d6 f6 10. Qe2 Kf7 11. Nc3 Bxd6 12. exd6 Re8 13. Be3 f5 14. Ng5+ Kg8 15.
Qh5 h6 16. O-O-O Rxe3 17. fxe3 Qxg5 18. Qe8+ Kh7 19. a3 Nc6 20. Bd3 c4 21. Be2
Rb8 22. g4 1-0

[Event "DEM U14 2004"]
[Site "Willingen GER"]
[Date "2004.06.03"]
[Round "7"]
[White "Trapp, Maximilian"]
[Black "Szczap, Arthur"]
[Result "1-0"]
[Termination "normal"]
[Board "12"]
[WhiteElo "1820"]
[BlackElo "1497"]
[PlyCount "48"]
[BlackFideId "24637394"]
[EventCountry "GER"]
[EventRounds "9"]
[EventType "swiss"]
[EventDate "2004.05.29"]

1. d4 Nf6 2. Nf3 b6 3. e3 Bb7 4. c4 e6 5. Nc3 Bb4 6. Bd2 O-O 7. Be2 Nc6 8. a3
Bxc3 9. Bxc3 Ne7 10. O-O d5 11. Ne5 dxc4 12. Bxc4 Ned5 13. Bd3 Rc8 14. Ng4 c5
15. Nxf6+ Nxf6 16. dxc5 Rxc5 17. Qe2 Rg5 18. e4 e5 19. Qe3 Nd7 20. Rfd1 Qf6 21.
Bb4 Rc8 22. Bf1 Nc5 23. Rac1 Ne6 24. Rd7 Nc5 1-0

[Event "DEM U14 2004"]
[Site "Willingen GER"]
[Date "2004.06.03"]
[Round "7"]
[White "Lange, Jan-David"]
[Black "Bastian, Ruben"]
[Result "1-0"]
[Termination "normal"]
[Board "13"]
[WhiteElo "1794"]
[BlackElo "1421"]
[PlyCount "45"]
[WhiteFideId "24614963"]
[EventCountry "GER"]
[EventRounds "9"]
[EventType "swiss"]
[EventDate "2004.05.29"]

1. e4 c5 2. Nf3 Nc6 3. d4 cxd4 4. Nxd4 Nf6 5. Nc3 e5 6. Ndb5 d6 7. Bg5 a6 8.
Na3 b5 9. Bxf6 gxf6 10. Nd5 Bg7 11. c3 O-O 12. Nc2 f5 13. exf5 Bxf5 14. Nce3
Be6 15. Bd3 f5 16. O-O e4 17. Be2 Ne5 18. Nf4 Rf6 19. Nxe6 Rxe6 20. Qd5 Qc8 21.
Nxf5 Ra7 22. Rad1 Bf6 23. Nd4 1-0

[Event "DEM U14 2004"]
[Site "Willingen GER"]
[Date "2004.06.04"]
[Round "8"]
[White "Lubbe, Nikolas"]
[Black "Tereick, Benjamin"]
[Result "1-0"]
[Termination "normal"]
[Board "1"]
[WhiteElo "2109"]
[BlackElo "2090"]
[PlyCount "63"]
[WhiteFideId "4694031"]
[BlackFideId "24607541"]
[EventCountry "GER"]
[EventRounds "9"]
[EventType "swiss"]
[EventDate "2004.05.29"]

1. e4 e6 2. d4 d5 3. Nc3 Nf6 4. exd5 exd5 5. Bd3 c5 6. Qe2+ Be7 7. dxc5 h6 8.
Be3 O-O 9. O-O-O Nbd7 10. f3 Nxc5 11. Qd2 Qa5 12. Nge2 Bd7 13. Kb1 Nxd3 14.
Qxd3 Bc6 15. Nd4 Rfd8 16. Nf5 Bf8 17. Qd4 Qb4 18. g4 Qxd4 19. Bxd4 Ne8 20. h4
g6 21. Ne3 Rd7 22. f4 b6 23. h5 Rad8 24. g5 hxg5 25. hxg6 fxg6 26. Rh8+ Kf7 27.
fxg5 Bg7 28. Rf1+ Ke6 29. Bxg7 Rxg7 30. Ne2 d4 31. Nf4+ Kd6 32. Nc4+ 1-0

[Event "DEM U14 2004"]
[Site "Willingen GER"]
[Date "2004.06.04"]
[Round "8"]
[White "Seyb, Alexander"]
[Black "Baldauf, Marco"]
[Result "0-1"]
[Termination "normal"]
[Board "2"]
[WhiteElo "1973"]
[BlackElo "2185"]
[PlyCount "46"]
[WhiteFideId "4699033"]
[BlackFideId "4688210"]
[EventCountry "GER"]
[EventRounds "9"]
[EventType "swiss"]
[EventDate "2004.05.29"]

1. e4 e5 2. Nf3 Nc6 3. Nc3 Nf6 4. a3 d5 5. exd5 Nxd5 6. Bb5 Nxc3 7. bxc3 Bd6 8.
h3 O-O 9. O-O e4 10. Nd4 Nxd4 11. cxd4 Qg5 12. Qe2 Bxh3 13. Qxe4 Qxb5 14. gxh3
Rfe8 15. Qf3 Re6 16. d3 Rf6 17. Qe4 Re8 18. Rb1 Qd7 19. Qh4 Rg6+ 20. Kh1 Qc6+
21. f3 Qxc2 22. Rb2 Qxd3 23. Rbf2 Bg3 0-1

[Event "DEM U14 2004"]
[Site "Willingen GER"]
[Date "2004.06.04"]
[Round "8"]
[White "Geske, Julian"]
[Black "Beck, Frederik"]
[Result "1-0"]
[Termination "normal"]
[Board "3"]
[WhiteElo "1940"]
[BlackElo "2095"]
[PlyCount "57"]
[WhiteFideId "24605263"]
[BlackFideId "4687388"]
[EventCountry "GER"]
[EventRounds "9"]
[EventType "swiss"]
[EventDate "2004.05.29"]

1. e4 c5 2. Nf3 e6 3. Nc3 Nc6 4. d4 cxd4 5. Nxd4 Qc7 6. g3 a6 7. Bg2 Nf6 8. O-O
Bc5 9. Nxc6 dxc6 10. Na4 Ba7 11. c4 e5 12. c5 Be6 13. Qc2 Rd8 14. Bd2 O-O 15.
Bg5 Rd4 16. b3 Rfd8 17. Be3 R4d7 18. h3 h6 19. Nb2 Ne8 20. Nc4 f6 21. Rac1 Kh8
22. Qe2 f5 23. exf5 Bxf5 24. Qh5 Bd3 25. Rfe1 Bb8 26. Bg5 Rc8 27. Nxe5 Bh7 28.
Nxd7 Qxd7 29. Rcd1 1-0

[Event "DEM U14 2004"]
[Site "Willingen GER"]
[Date "2004.06.04"]
[Round "8"]
[White "Alsheimer, Christoph"]
[Black "Savchenko, Aleksij"]
[Result "1/2-1/2"]
[Termination "normal"]
[Board "4"]
[WhiteElo "2057"]
[BlackElo "1844"]
[PlyCount "38"]
[WhiteFideId "24605433"]
[BlackFideId "24611727"]
[EventCountry "GER"]
[EventRounds "9"]
[EventType "swiss"]
[EventDate "2004.05.29"]

1. d4 d5 2. Nf3 Nf6 3. e3 c5 4. c3 Qc7 5. Bd3 g6 6. O-O Bg7 7. Nbd2 Nbd7 8. e4
dxe4 9. Nxe4 Nxe4 10. Bxe4 O-O 11. Be3 Nf6 12. Bd3 cxd4 13. Bxd4 Bg4 14. Re1
Rfe8 15. Be4 Qb6 16. h3 Bxf3 17. Qxf3 Nd7 18. Bxg7 Kxg7 19. b3 Qc7 1/2-1/2

[Event "DEM U14 2004"]
[Site "Willingen GER"]
[Date "2004.06.04"]
[Round "8"]
[White "Bogner, Sebastian"]
[Black "Zehnter, Sebastian"]
[Result "1-0"]
[Termination "normal"]
[Board "5"]
[WhiteElo "2093"]
[BlackElo "1987"]
[PlyCount "131"]
[WhiteFideId "4692055"]
[BlackFideId "24608670"]
[EventCountry "GER"]
[EventRounds "9"]
[EventType "swiss"]
[EventDate "2004.05.29"]

1. e4 d5 2. exd5 Nf6 3. d4 Bg4 4. f3 Bf5 5. Bb5+ Nbd7 6. c4 e6 7. dxe6 fxe6 8.
Ne2 c5 9. O-O a6 10. Ba4 Qb6 11. Kh1 O-O-O 12. Qb3 cxd4 13. Bxd7+ Nxd7 14. Bg5
Qxb3 15. axb3 Nf6 16. Nd2 Bd3 17. Rf2 Bb4 18. Nf4 Bf5 19. g4 e5 20. Nd5 Rxd5
21. cxd5 Bd3 22. Rc1+ Kd7 23. Bxf6 gxf6 24. Ne4 Rf8 25. Rg2 h6 26. Rd1 Bb5 27.
h3 a5 28. Rc1 Bd3 29. Kh2 Bxe4 30. fxe4 d3 31. Rgg1 d2 32. Rc2 h5 33. Rd1 hxg4
34. hxg4 Ra8 35. Kg3 Ra6 36. Rdxd2 Bxd2 37. Rxd2 Rb6 38. Rd3 Rb4 39. Kf3 a4 40.
bxa4 Rxb2 41. Ra3 b6 42. Rc3 Ra2 43. Rc4 Ra3+ 44. Kf2 Rb3 45. Rc6 Rb4 46. Ke3
Rb3+ 47. Ke2 Rb4 48. Kd3 Rb3+ 49. Rc3 Rb4 50. Ra3 Rd4+ 51. Ke3 Rb4 52. Kf3 Ke7
53. a5 bxa5 54. Rxa5 Rb3+ 55. Kf2 Rb4 56. Ra7+ Ke8 57. g5 fxg5 58. Kf3 g4+ 59.
Kxg4 Rxe4+ 60. Kf5 Rb4 61. Ke6 Kf8 62. d6 Rb8 63. Rf7+ Kg8 64. d7 e4 65. Rf1 e3
66. Ke7 1-0

[Event "DEM U14 2004"]
[Site "Willingen GER"]
[Date "2004.06.04"]
[Round "8"]
[White "Müller, Reinhold"]
[Black "Schneider, David"]
[Result "0-1"]
[Termination "normal"]
[Board "6"]
[WhiteElo "2035"]
[BlackElo "2080"]
[PlyCount "82"]
[WhiteFideId "24605875"]
[BlackFideId "4697111"]
[EventCountry "GER"]
[EventRounds "9"]
[EventType "swiss"]
[EventDate "2004.05.29"]

1. d4 g6 2. c4 Bg7 3. Nc3 d6 4. e4 e5 5. d5 f5 6. Bd3 Nf6 7. f3 O-O 8. Be3 a5
9. c5 Na6 10. cxd6 cxd6 11. a3 fxe4 12. Bxe4 b5 13. Rc1 b4 14. Nb5 Nxe4 15.
fxe4 Qh4+ 16. Ke2 Qxe4 17. Nf3 Qg4 18. Rf1 e4 19. Nxd6 Qxg2+ 20. Ke1 exf3 21.
Nxc8 Raxc8 22. Rxc8 Rxc8 23. d6 Qe2+ 24. Qxe2 fxe2 25. Kxe2 Rd8 26. Rd1 Bxb2
27. axb4 axb4 28. Kf3 Be5 29. Bf4 Rxd6 30. Rxd6 Bxd6 31. Bxd6 b3 32. Be5 Nc5
33. Ke2 Na4 34. Kd2 b2 35. Kc2 Kf7 36. h4 Ke6 37. Bf4 Kf5 38. Be3 Kg4 39. Bg5
Kh5 40. Kb1 h6 41. Bf6 g5 0-1